Dom smútku, Pezinok

Guardado en:
Detalles Bibliográficos
Autor principal: Horváthová, Eliška (Autor)
Otros Autores: Závodný, Ľubomír (Orientador)
Formato: Manuscrito Libro
Lenguaje:eslovaco
Publicado: Bratislava 2023
Materias:
Acceso en línea:http://is.stuba.sk/zp/portal_zp.pl?podrobnosti=155780
Etiquetas: Agregar Etiqueta
Sin Etiquetas, Sea el primero en etiquetar este registro!

MARC

LEADER 00000ntm a22000003a 4500
001 stuzp94620
003 SK-STU
005 20231004095141.1
007 ta
008 150427s2015----xo-----f-mn---000-0-slo-d
040 |a STU  |b slo 
041 0 |a slo 
100 1 |a Horváthová, Eliška  |u 051110  |4 aut  |U FAD Fakulta architektúry a dizajnu  |T FAD Ústav architektúry obytných budov  |X 103708  |U A1110  |Y 392  |7 103708 
242 0 1 |a Funeral Hall, Pezinok, Slovakia  |y eng 
245 1 0 |a Dom smútku, Pezinok 
260 |c 2023  |a Bratislava 
650 4 |a opora  |2 slo 
650 4 |a Dom smútku  |2 slo 
650 4 |a posledná rozlúčka  |2 slo 
650 4 |a obradná sála  |2 slo 
650 4 |a kamenný múr  |2 slo 
650 4 |a Funeral Hall  |2 eng 
650 4 |a last farewell  |2 eng 
650 4 |a ceremony hall  |2 eng 
650 4 |a support  |2 eng 
650 4 |a stone wall  |2 eng 
700 1 |a Závodný, Ľubomír  |4 ths  |X 45410  |7 45410 
856 4 |u http://is.stuba.sk/zp/portal_zp.pl?podrobnosti=155780  |u https://opac.crzp.sk/?fn=detailBiblioForm&sid=C03CB0FBA6588971DC3A26D1B6BF